Ben Platt Song Lyrics - Statistics

General Stats
  • This quiz has been taken 56 times
  • The average score is 11 of 15
Answer Stats
Hint Answer % Correct
You can ebb and I can flow Grow As We Go
98%
I want your friends to be my friends Share Your Address
96%
Most nights, I am restless and quiet won't come Ease My Mind
92%
Boy, I used to throw a party over every little thing you'd do New
90%
I could try to stop calling, calling just to show myself Better
84%
With the same old song in my same old heart Older
84%
Someone to quiet the voices in my head Bad Habit
78%
You won't believe that you're ready Honest Man
78%
To someone who up and left you in pieces RAIN
78%
I begged my heart to start to race when I'm kissing you I Wanna Love You But I Don't
73%
If something happened, don't know what I'd do Imagine
65%
That's what you learned, what you've learned, what you've learned Temporary Love
65%
Because the thrill of it is tryna get you, get you, get you Chasing You
59%
Every time I wanna get a little peace of mind Childhood Bedroom
57%
Said you'd let me alone and you'd give me the space Leave My Mind
41%
No matching quizzes found
Score Distribution
Percent of People with Each Score
Percentile by Number Answered
Your Score History
You have not taken this quiz